000 00838nam a22002537a 4500
999 _c1457
_d1457
003 AR-CdUCM
008 190227b ||||| |||| 00| 0 spa d
020 _a9786124547096
040 _aMUNICIPALIDAD PROVINCIAL DEL CUSCO
_cBIBLIOTECA MUNICIPAL DEL CUSCO
082 _a985.0095 /
_bB81
100 _aGuaman Poma de Ayala, Felipe
_95514
245 _aLos dibujos del cronista indio :
_bNueva crónica y buen gobierno /
260 _aCusco :
_bPiki,
_c2009.
300 _a294 paginas ;
_b283 Ilustraciones.
_c21 cm.
505 _aLas edades del mundo -- Los incas --Conquista -- Colonia.
650 _aPerú
_935
650 _aHistoria
_9136
650 _aÉpoca Prehispánica
_92714
650 _aIncas
_9303
650 _aAspectos sociales
_9262
700 _aBravo, Martín
_95515
942 _2ddc
_cLIBROS
945 _aacv
_d2019-02-27